Top 4 pozycje w Mistrzostwach Europy cz.2 - Statystyki

Ogólne statystyki
  • Ten quiz został rozwiązany 285 razy
    202 od ostatniego zresetowania
  • Średni wynik to 27 z 28
Statystyki odpowiedzi
Hint Odpowiedź % Poprawnych
2000 1 miejsce Francja
99%
2016 2 miejsce Francja
99%
2024 3 miejsce Francja
99%
2008 1 miejsce Hiszpania
99%
2012 1 miejsce Hiszpania
99%
2020 3 miejsce Hiszpania
99%
2024 1 miejsce Hiszpania
99%
2000 3 miejsce Portugalia
99%
2004 2 miejsce Portugalia
99%
2012 3 miejsce Portugalia
99%
2016 1 miejsce Portugalia
99%
2020 2 miejsce Anglia
98%
2024 2 miejsce Anglia
98%
2008 2 miejsce Niemcy
98%
2012 3 miejsce Niemcy
98%
2016 3 miejsce Niemcy
98%
2000 2 miejsce Włochy
98%
2012 2 miejsce Włochy
98%
2020 1 miejsce Włochy
98%
2004 1 miejsce Grecja
97%
2000 3 miejsce Holandia
96%
2004 3 miejsce Holandia
96%
2024 3 miejsce Holandia
96%
2020 3 miejsce Dania
86%
2008 3 miejsce Rosja
84%
2004 3 miejsce Czechy
83%
2016 3 miejsce Walia
81%
2008 3 miejsce Turcja
76%
Nie znaleziono quizów pasujących do podanych kryteriów
Rozkład punktacji
Procent ludzi z każdym wynikiem
Percentyl według liczby udzielonych odpowiedzi
Twoja historia wyników
Nie rozwiązałeś tego quizu od ostatniego zresetowania